عرض عادي
عرض مارك
- Sofield, Ruth M.
مدخل إسم شخص
001 - رقم الضبط
- حقل الضبط: 40297
003 - معرف رقم الضبط
- حقل الضبط: OSt
005 - تاريخ ووقت أخر عملية
- حقل الضبط: 20131117183449.0
008 - عناصر بيانات ثابتة الطول
- حقل تحكم ثابت الطول: 131117|||a|||||| | ||| d
040 ## - مصدر الفهرسة
- هيئة الفهرسة الأصلية: OSt
- وكالة الكتابة: OSt
100 ## - مدخل -- أسم شخص
- إسم شخص: Sofield, Ruth M.
670 ## - بيانات المصدر موجوده
- الاستشهاد بالمصدر: Work cat.: (OSt)0: Landis, Wayne G. 40295, Introduction to environmental toxicology :, c2011.
